SIGI 2019 Global Report Transforming Challenges into Opportunities

Enregistré dans:
Détails bibliographiques
Format: Livre
Langue:anglais
Publié: Paris OECD 2019
Collection:Social Institutions and Gender Index
Sujets:
Tags: Ajouter un tag
Pas de tags, Soyez le premier à ajouter un tag!

MARC

LEADER 00000nam a2200000 4500
001 0256151
005 20221220065214.7
020 |a 978-92-64-31251-7 
041 0 |a eng 
044 |a FR 
245 1 0 |a SIGI 2019 Global Report  |b Transforming Challenges into Opportunities 
264 1 |a Paris  |b OECD  |c 2019 
300 |a 229 s. 
490 1 |a Social Institutions and Gender Index 
830 0 |a Social Institutions and Gender Index 
610 2 0 |a inštitúcia 
610 2 0 |a indexy 
610 2 0 |a rovnosť rodová 
610 2 0 |a politika 
610 2 0 |a diskriminácia rodová 
610 2 0 |a rodina 
610 2 0 |a zdroje finančné 
610 2 0 |a sloboda 
610 2 0 |a porovnanie štatistické medzinárodné